000 00297nam a22001217a 4500
008 170424b xxu||||| |||| 00| 0 eng d
041 _aeng
080 _26 ED
_a54
100 _a12
101 _aSHM
245 _aA BASIC MATH PPROACH TO CONCEPTS OF CHEMISTRY
_cMICHELS.L
942 _2udc
_cBK
999 _c11708
_d11708